[Event "Warsaw Najdorf Memorial op-A"]
[Site "Warsaw"]
[Date "2022.07.13"]
[Round "5"]
[White "Sowul, Bartosz"]
[Black "Liberadzki, Slawomir"]
[Result "1-0"]
[WhiteElo "2283"]
[BlackElo "2035"]
[PlyCount "43"]
[EventDate "2022.07.09"]
[EventType "swiss"]
[EventRounds "9"]
[EventCountry "POL"]
[SourceTitle "CBM 209 Extra"]
[Source "ChessBase"]
[SourceDate "2022.09.30"]
[SourceVersion "1"]
[SourceVersionDate "2022.09.30"]
[SourceQuality "1"]

1. e4 c5 2. Nc3 Nc6 3. Bb5 Nd4 4. Nf3 Nxb5 5. Nxb5 a6 6. Nc3 d6 7. d4 cxd4 8. Qxd4 Nf6 9. Bg5 Bg4 10. h3 Bxf3 11. gxf3 Qa5 12. h4 Qc5 13. Qd2 e6 14. 0-0-0 Be7 15. Rhg1 0-0 16. Bh6 Ne8 17. Nd5 exd5 18. Bxg7 f6 19. Bxf8+ Kxf8 20. Qh6+ Kf7 21. Qxh7+ Ke6 22. Qf5+ 1-0

[Event "Warsaw Najdorf Memorial op-A"]
[Site "Warsaw"]
[Date "2022.07.10"]
[Round "2"]
[White "Liberadzki, Slawomir"]
[Black "Zelak, Wladyslaw"]
[Result "1-0"]
[WhiteElo "2035"]
[BlackElo "1866"]
[PlyCount "87"]
[EventDate "2022.07.09"]
[EventType "swiss"]
[EventRounds "9"]
[EventCountry "POL"]
[SourceTitle "CBM 209 Extra"]
[Source "ChessBase"]
[SourceDate "2022.09.30"]
[SourceVersion "1"]
[SourceVersionDate "2022.09.30"]
[SourceQuality "1"]

1. c4 e5 2. Nc3 Nf6 3. g3 d5 4. cxd5 Nxd5 5. Bg2 Nb6 6. Nf3 Nc6 7. 0-0 Be7 8. a3 g5 9. d3 g4 10. Nd2 h5 11. Nc4 h4 12. Be3 Nxc4 13. dxc4 Nd4 14. Nd5 Nf5 15. Nxe7 Qxe7 16. Qb3 c6 17. Rfd1 f6 18. Rd2 Be6 19. Rad1 Kf7 20. Be4 Rh5 21. Bc5 Qc7 22. Bd6 Qb6 23. Qxb6 axb6 24. Bc7 hxg3 25. hxg3 Bxc4 26. Bxb6 Bd5 27. Rxd5 cxd5 28. Rxd5 Rc8 29. Rc5 Rxc5 30. Bxc5 Nd4 31. Bxb7 Nxe2+ 32. Kf1 Nd4 33. a4 Nf3 34. Ke2 Ke6 35. a5 Nd4+ 36. Kd3 Kd7 37. a6 Kc7 38. Bd5 Nc6 39. b4 e4+ 40. Bxe4 Re5 41. a7 Re8 42. b5 Ne5+ 43. Kc3 Nd7 44. b6+ 1-0

[Event "Suwalki Warakomska Memorial 5th"]
[Site "Suwalki"]
[Date "2021.07.30"]
[Round "5"]
[White "Liberadzki, Slawomir"]
[Black "Wikar, Martyna"]
[Result "1/2-1/2"]
[WhiteElo "2022"]
[BlackElo "2168"]
[PlyCount "116"]
[EventDate "2021.07.27"]
[EventType "swiss"]
[EventRounds "9"]
[EventCountry "POL"]
[SourceTitle "CBM 203 Extra"]
[Source "ChessBase"]
[SourceDate "2021.09.30"]
[SourceVersion "1"]
[SourceVersionDate "2021.09.30"]
[SourceQuality "1"]

1. c4 c5 2. Nc3 Nf6 3. g3 d5 4. cxd5 Nxd5 5. Bg2 Nc7 6. Qa4+ Bd7 7. Qb3 Bc6 8. Bxc6+ Nxc6 9. Qxb7 Nd4 10. Rb1 e6 11. e3 Nc2+ 12. Ke2 Nb4 13. a3 Rb8 14. Qe4 f5 15. Qc4 Nc6 16. Nf3 Be7 17. Rd1 0-0 18. d4 Na5 19. Qa4 Nb3 20. dxc5 Nxc1+ 21. Rdxc1 Bxc5 22. Ne5 Qg5 23. Qc6 Qh5+ 24. Kf1 f4 25. exf4 Bxf2 26. Kxf2 Qxe5 27. Kg2 Qa5 28. b4 Qb6 29. Na4 Qxc6+ 30. Rxc6 Nb5 31. Nc5 Rfd8 32. Nxe6 Rd2+ 33. Kh3 Nxa3 34. Rbc1 Nb5 35. Rc8+ Rxc8 36. Rxc8+ Kf7 37. Ng5+ Kg6 38. Rc5 a6 39. Rc6+ Rd6 40. Rxd6+ Nxd6 41. Ne6 Nb7 42. Nf8+ Kf5 43. Nxh7 Nd8 44. Kg2 Nc6 45. Kf3 Nd4+ 46. Kf2 Nc2 47. Ng5 Nxb4 48. Kf3 a5 49. g4+ Kg6 50. h4 a4 51. h5+ Kh6 52. Ne4 a3 53. Nc3 a2 54. Nxa2 Nxa2 55. Kg3 Nc3 56. Kh4 Nd5 57. g5+ Kh7 58. f5 Ne3 1/2-1/2

[Event "Suwalki Warakomska Memorial 5th"]
[Site "Suwalki"]
[Date "2021.07.29"]
[Round "4"]
[White "Kaczmarek, Arkadiusz"]
[Black "Liberadzki, Slawomir"]
[Result "0-1"]
[WhiteElo "2147"]
[BlackElo "2022"]
[PlyCount "112"]
[EventDate "2021.07.27"]
[EventType "swiss"]
[EventRounds "9"]
[EventCountry "POL"]
[SourceTitle "CBM 203 Extra"]
[Source "ChessBase"]
[SourceDate "2021.09.30"]
[SourceVersion "1"]
[SourceVersionDate "2021.09.30"]
[SourceQuality "1"]

1. d4 d5 2. c4 e6 3. Nf3 Nf6 4. Nc3 Be7 5. Bf4 0-0 6. e3 b6 7. Bd3 Bb7 8. cxd5 exd5 9. Ne5 Nbd7 10. Qf3 Nxe5 11. Bxe5 Re8 12. 0-0 Bd6 13. Bxf6 Qxf6 14. Qxf6 gxf6 15. Nb5 Red8 16. Nxd6 Rxd6 17. Rfc1 c6 18. b4 a5 19. bxa5 Rxa5 20. Rcb1 Ba6 21. Bf1 Bxf1 22. Kxf1 c5 23. Ke2 cxd4 24. exd4 b5 25. Rb3 Rc6 26. Kd3 Rc4 27. a3 Raa4 28. Rxb5 Rxd4+ 29. Kc3 Rac4+ 30. Kb3 Rd3+ 31. Ka2 Rc2+ 32. Rb2 Rcc3 33. Rb8+ Kg7 34. Kb2 Rc4 35. Ra2 Rd2+ 36. Ka1 Rd1+ 37. Rb1 Rdd4 38. Rab2 Rd3 39. Ka2 d4 40. Rb3 Rd2+ 41. R1b2 Rd1 42. Rb1 Rd2+ 43. R3b2 Rd3 44. Rb4 Rc2+ 45. R1b2 Rc8 46. a4 Ra8 47. Rc4 Rd1 48. Kb3 d3 49. Rd4 Rb8+ 50. Ka3 Rc8 51. Rb3 Rd2 52. Rbxd3 Rxf2 53. Rg3+ Kf8 54. a5 Rcc2 55. Ra4 Ra2+ 56. Kb4 Rf4+ 0-1

[Event "Krakow op-B 31st"]
[Site "Krakow"]
[Date "2020.12.29"]
[Round "3"]
[White "Liberadzki, Slawomir"]
[Black "Szczurek, Krzysztof"]
[Result "1/2-1/2"]
[WhiteElo "1947"]
[BlackElo "2031"]
[PlyCount "60"]
[EventDate "2020.12.27"]
[EventType "swiss"]
[EventRounds "9"]
[EventCountry "POL"]
[SourceTitle "CBM 200 Extra"]
[Source "ChessBase"]
[SourceDate "2021.03.31"]
[SourceVersion "1"]
[SourceVersionDate "2021.03.31"]
[SourceQuality "1"]

1. c4 Nf6 2. Nc3 g6 3. e4 d6 4. d4 Bg7 5. f3 0-0 6. Be3 Nbd7 7. Qd2 c5 8. Nge2 a6 9. g4 e6 10. Ng3 Qc7 11. Be2 b6 12. 0-0 Bb7 13. d5 exd5 14. exd5 Rae8 15. Bh6 Re5 16. Bxg7 Kxg7 17. f4 Re7 18. g5 Ng8 19. Bg4 Bc8 20. Rae1 f5 21. Be2 Rfe8 22. Bd3 Nf8 23. a4 Rxe1 24. Rxe1 Rxe1+ 25. Qxe1 Qe7 26. Kf2 Bd7 27. h4 Qxe1+ 28. Kxe1 a5 29. Kf2 Ne7 30. b3 Kf7 1/2-1/2

[Event "Warsaw YMCA Autumn-A 238th"]
[Site "Warsaw"]
[Date "2020.12.03"]
[Round "10"]
[White "Liberadzki, Slawomir"]
[Black "Derylo, Kamil"]
[Result "1/2-1/2"]
[WhiteElo "1947"]
[BlackElo "1998"]
[PlyCount "55"]
[EventDate "2020.09.24"]
[EventType "swiss"]
[EventRounds "12"]
[EventCountry "POL"]
[SourceTitle "EXT 2022"]
[Source "ChessBase"]
[SourceDate "2021.10.06"]
[SourceVersion "1"]
[SourceVersionDate "2021.10.06"]
[SourceQuality "1"]

1. c4 g6 2. Nc3 Nf6 3. e4 c5 4. Nf3 Nc6 5. d4 cxd4 6. Nxd4 d6 7. Be2 Bg7 8. Be3 0-0 9. 0-0 Bd7 10. h3 Nxd4 11. Bxd4 Bc6 12. Qd3 a6 13. Nd5 Nd7 14. Bxg7 Kxg7 15. Qd4+ Kg8 16. Rad1 Rc8 17. Rfe1 Re8 18. Bg4 Bxd5 19. exd5 h5 20. Bxd7 Qxd7 21. b3 b5 22. cxb5 Qxb5 23. Rc1 Qa5 24. a4 Rc5 25. Red1 Rb8 26. Rxc5 Qxc5 27. Qxc5 dxc5 28. d6 1/2-1/2

[Event "Warsaw YMCA Autumn-A 238th"]
[Site "Warsaw"]
[Date "2020.11.27"]
[Round "9"]
[White "Polak, Michal"]
[Black "Liberadzki, Slawomir"]
[Result "1/2-1/2"]
[WhiteElo "1883"]
[BlackElo "1947"]
[PlyCount "106"]
[EventDate "2020.09.24"]
[EventType "swiss"]
[EventRounds "12"]
[EventCountry "POL"]
[SourceTitle "EXT 2022"]
[Source "ChessBase"]
[SourceDate "2021.10.06"]
[SourceVersion "1"]
[SourceVersionDate "2021.10.06"]
[SourceQuality "1"]

1. e4 c5 2. Nf3 e6 3. d4 cxd4 4. Nxd4 Nc6 5. Nc3 Qc7 6. Be3 Nf6 7. a3 Be7 8. Be2 a6 9. Qd2 b5 10. f4 Nxd4 11. Qxd4 Bb7 12. e5 Nd5 13. Nxd5 Bxd5 14. 0-0-0 Rc8 15. Rd2 Qb7 16. f5 Be4 17. fxe6 dxe6 18. Bf3 Bxf3 19. gxf3 Rc4 20. Qd3 0-0 21. Rg1 Rfc8 22. Rdg2 g6 23. Bh6 Bf8 24. Bg5 Qd5 25. Qxd5 exd5 26. Rd1 d4 27. Rd3 Bg7 28. f4 h6 29. Be7 Bf8 30. Bxf8 Kxf8 31. Rgd2 Ke7 32. Rxd4 R8c6 33. c3 Ke6 34. Rxc4 bxc4 35. Rd4 Kf5 36. Kd2 g5 37. Rd6 Rc7 38. Rf6+ Ke4 39. fxg5 hxg5 40. e6 fxe6 41. Rxe6+ Kf3 42. Rxa6 Rd7+ 43. Kc1 Rh7 44. Rf6+ Ke3 45. Rg6 Kf4 46. Rc6 Rxh2 47. Rxc4+ Kf3 48. Rc8 g4 49. Rf8+ Ke3 50. Re8+ Kf3 51. Rf8+ Ke3 52. Re8+ Kf3 53. Rf8+ Ke3 1/2-1/2

[Event "Warsaw YMCA Winter-A 224th"]
[Site "Warsaw"]
[Date "2020.01.24"]
[Round "3"]
[White "Choroszej, Aleksander"]
[Black "Liberadzki, Slawomir"]
[Result "1-0"]
[WhiteElo "2055"]
[BlackElo "1981"]
[PlyCount "59"]
[EventDate "2020.01.10"]
[EventType "tourn"]
[EventRounds "13"]
[EventCountry "POL"]
[SourceTitle "CBM 195 Extra"]
[Source "ChessBase"]
[SourceDate "2020.05.31"]
[SourceVersion "1"]
[SourceVersionDate "2020.05.31"]
[SourceQuality "1"]

1. d4 d5 2. c4 e6 3. Nc3 Nf6 4. Nf3 c5 5. cxd5 Nxd5 6. e4 Nxc3 7. bxc3 cxd4 8. cxd4 Nc6 9. Bc4 b5 10. Bd3 a6 11. 0-0 Be7 12. Bb2 0-0 13. Rc1 Bb7 14. Qe2 Re8 15. Rfd1 Qb6 16. Qd2 Rac8 17. Qf4 Bf6 18. e5 Be7 19. d5 exd5 20. Bf5 Rc7 21. e6 Bc5 22. Rxc5 fxe6 23. Bb1 e5 24. Qc1 d4 25. Be4 Rec8 26. Qc2 Nb4 27. Qb3+ Kh8 28. Rxc7 Qxc7 29. Bxb7 Qc2 30. Bxc8 1-0

[Event "Warsaw YMCA Autumn-A 220th"]
[Site "Warsaw"]
[Date "2019.11.15"]
[Round "9"]
[White "Derylo, Kamil"]
[Black "Liberadzki, Slawomir"]
[Result "1-0"]
[WhiteElo "1999"]
[BlackElo "1980"]
[PlyCount "95"]
[EventDate "2019.09.20"]
[EventType "tourn"]
[EventRounds "13"]
[EventCountry "POL"]
[SourceTitle "CBM 195 Extra"]
[Source "ChessBase"]
[SourceDate "2020.05.31"]
[SourceVersion "1"]
[SourceVersionDate "2020.05.31"]
[SourceQuality "1"]

1. Nf3 c5 2. c4 Nc6 3. b3 Nf6 4. Bb2 d5 5. cxd5 Nxd5 6. e3 Bg4 7. Be2 f6 8. 0-0 e6 9. d4 Be7 10. Nc3 Nxc3 11. Bxc3 0-0 12. Bc4 Kh8 13. h3 Bxf3 14. Qxf3 cxd4 15. exd4 Nxd4 16. Bxd4 Qxd4 17. Qxb7 Bd6 18. Rad1 Qe5 19. g3 Bc5 20. Kg2 Rab8 21. Qf3 Qf5 22. Qxf5 exf5 23. Rd5 Bb6 24. Rxf5 Rfd8 25. a4 Rd2 26. Re1 Rbd8 27. a5 g6 28. Rxf6 Bxa5 29. Ree6 Bb6 30. g4 Bc5 31. Rf7 Rf8 32. Ref6 Rdd8 33. g5 Rxf7 34. Bxf7 Rf8 35. Rc6 Bxf2 36. Rc7 Bb6 37. Rb7 Be3 38. h4 Bb6 39. Kg3 Bd4 40. h5 gxh5 41. Kh4 Rd8 42. Kxh5 a5 43. Be6 Re8 44. Bc4 Rd8 45. Be6 Bg7 46. Ra7 h6 47. gxh6 Bc3 48. Kg6 1-0

[Event "Warsaw Najdorf Memorial op-A 17th"]
[Site "Warsaw"]
[Date "2019.07.10"]
[Round "5"]
[White "Liberadzki, Slawomir"]
[Black "Praczukowski, Stanislaw"]
[Result "1-0"]
[WhiteElo "2035"]
[BlackElo "2166"]
[PlyCount "119"]
[EventDate "2019.07.06"]
[EventType "swiss"]
[EventRounds "9"]
[EventCountry "POL"]
[SourceTitle "CBM 191 Extra"]
[Source "ChessBase"]
[SourceDate "2019.09.30"]
[SourceVersion "1"]
[SourceVersionDate "2019.09.30"]
[SourceQuality "1"]

1. c4 e5 2. Nc3 Nf6 3. g3 d5 4. cxd5 Nxd5 5. Bg2 Nb6 6. Nf3 Nc6 7. 0-0 Be7 8. d3 Be6 9. a3 0-0 10. b4 f6 11. Be3 a5 12. b5 Nd4 13. Bxd4 exd4 14. Na4 Qd7 15. Nxb6 cxb6 16. Qa4 Bc5 17. Nd2 Qf7 18. Rab1 Rfe8 19. Ne4 Qe7 20. Nxc5 bxc5 21. b6 Bg4 22. Qc4+ Kh8 23. Rfc1 Rac8 24. Rb5 Bxe2 25. h3 a4 26. Rxc5 Bxd3 27. Qxd4 Rcd8 28. Qxa4 Ba6 29. Rc7 Qe2 30. Qg4 Qxg4 31. hxg4 Re6 32. Rd7 Rb8 33. Rcc7 Rxb6 34. Rxg7 Bd3 35. Rxb7 Rb1+ 36. Kh2 R8xb7 37. Rxb7 Ra1 38. Rb3 Bc4 39. Rc3 Be6 40. Bf3 Kg7 41. Rc7+ Kg8 42. Ra7 Ra2 43. Kg2 Bb3 44. Bc6 Rc2 45. Be4 Re2 46. Kf3 Bd1 47. Bd5+ Kf8 48. Kg2 Rd2 49. Bf3 Bc2 50. a4 Rd4 51. a5 Ra4 52. a6 Bd3 53. Bb7 Ra1 54. Ra8+ Kg7 55. a7 Kh6 56. f4 Ra2+ 57. Kf3 f5 58. g5+ Kh5 59. Ke3 Be2 60. Bd5 1-0

[Event "Warsaw YMCA Spring-A 213th"]
[Site "Warsaw"]
[Date "2019.05.08"]
[Round "4"]
[White "Safanowski, Tomasz"]
[Black "Liberadzki, Slawomir"]
[Result "0-1"]
[WhiteElo "1827"]
[BlackElo "2021"]
[PlyCount "114"]
[EventDate "2019.04.11"]
[EventType "swiss"]
[EventRounds "11"]
[EventCountry "POL"]
[SourceTitle "EXT 2020"]
[Source "ChessBase"]
[SourceDate "2019.10.17"]
[SourceVersion "1"]
[SourceVersionDate "2019.10.17"]
[SourceQuality "1"]

1. Nf3 c5 2. c4 Nc6 3. Nc3 g6 4. d3 Bg7 5. e3 Nf6 6. Be2 0-0 7. 0-0 d5 8. Qb3 d4 9. exd4 cxd4 10. Nb5 a6 11. Na3 Nd7 12. Bd2 e5 13. Bb4 Nxb4 14. Qxb4 Qc7 15. Rac1 b6 16. Qd2 Bb7 17. Rc2 f5 18. c5 bxc5 19. b4 e4 20. dxe4 fxe4 21. Nxd4 e3 22. Qxe3 Rae8 23. Qb3+ Kh8 24. Nf3 Qf4 25. bxc5 Be4 26. Rc4 Ne5 27. Nxe5 Bxe5 28. g3 Qf5 29. f4 Bg7 30. Bf3 Bd3 31. Rd1 Bxc4 32. Nxc4 Qxc5+ 33. Kg2 Rb8 34. Qd3 Rfc8 35. Ne3 Rb2+ 36. Rd2 Rxd2+ 37. Qxd2 Bd4 38. Nf1 Qc2 39. Bd1 Qxd2+ 40. Nxd2 Rc1 41. Bb3 Kg7 42. Kf3 Bg1 43. h3 Rc3+ 44. Kg2 Be3 45. Ne4 Rc1 46. Kf3 Bg1 47. g4 Bd4 48. Ng5 Bb2 49. h4 Rc3+ 50. Kg2 Bc1 51. Ne6+ Kf6 52. Nd4 Re3 53. f5 Re4 54. fxg6 Rxg4+ 55. Kf3 Rxd4 56. gxh7 Rxh4 57. Bg8 Kg7 0-1

[Event "Warsaw YMCA Winter-A 209th"]
[Site "Warsaw"]
[Date "2019.03.20"]
[Round "12"]
[White "Liberadzki, Slawomir"]
[Black "Derylo, Kamil"]
[Result "1/2-1/2"]
[WhiteElo "2013"]
[BlackElo "1848"]
[PlyCount "70"]
[EventDate "2019.01.11"]
[EventType "swiss"]
[EventRounds "13"]
[EventCountry "POL"]
[SourceTitle "CBM 189 Extra"]
[Source "ChessBase"]
[SourceDate "2019.06.03"]
[SourceVersion "1"]
[SourceVersionDate "2019.06.03"]
[SourceQuality "1"]

1. c4 e5 2. g3 c6 3. Nf3 e4 4. Nd4 d5 5. cxd5 Qxd5 6. e3 Nf6 7. Nc3 Qe5 8. Bg2 Nbd7 9. d3 Nc5 10. dxe4 Ncxe4 11. Nxe4 Nxe4 12. 0-0 Bd7 13. Qc2 Nf6 14. Bd2 Be7 15. Bc3 Qh5 16. e4 0-0 17. Qe2 Qg6 18. Nf5 Rfe8 19. Nxe7+ Rxe7 20. Bxf6 Qxf6 21. Rad1 Qe6 22. b3 c5 23. Qc2 Bb5 24. Rfe1 c4 25. bxc4 Bxc4 26. Rd2 Rae8 27. Rc1 b5 28. h4 g6 29. Qb2 f5 30. exf5 Qxf5 31. Qd4 a6 32. Bd5+ Bxd5 33. Qxd5+ Qxd5 34. Rxd5 Re2 35. Rc7 R2e7 1/2-1/2